Państwa Afryki Zachodniej - Statystyki

Ogólne statystyki
  • Ten quiz został rozwiązany 16 razy
  • Średni wynik to 13 z 15
Statystyki odpowiedzi
Państwo % Poprawnych
Mauretania
100%
Togo
100%
Benin
90%
Burkina Faso
90%
Ghana
90%
Gwinea
90%
Mali
90%
Niger
90%
Nigeria
90%
Senegal
90%
Gambia
80%
Gwinea Bissau
80%
Liberia
80%
Sierra Leone
80%
Wybrzeże Kości Słoniowej
80%
Nie znaleziono quizów pasujących do podanych kryteriów
Rozkład punktacji
Procent ludzi z każdym wynikiem
Percentyl według liczby udzielonych odpowiedzi
Twoja historia wyników
Nie rozwiązałeś tego quizu